| 000 | 02023cam a22005298i 4500 | ||
|---|---|---|---|
| 001 | on1330896306 | ||
| 003 | OCoLC | ||
| 005 | 20230911153117.0 | ||
| 008 | 230123t20232023nyu c 000 1 eng | ||
| 010 | _a 2022053193 | ||
| 020 |
_a9781534416499 _q(hardcover) |
||
| 020 |
_a1534416498 _q(hardcover) |
||
| 020 |
_z9781534416512 _q(ebook) |
||
| 035 | _a(OCoLC)1330896306 | ||
| 040 |
_aDLC _beng _erda _cDLC _dIG$ _dJAS _dRNL _dVP@ _dNYP _dUOK |
||
| 042 | _apcc | ||
| 049 | _aUOKA | ||
| 050 | 0 | 0 |
_aPZ7.A53675 _bPal 2023 |
| 082 | 0 | 0 |
_a[Fic] _223 |
| 092 |
_ajunior fiction _bAnderson |
||
| 100 | 1 |
_aAnderson, Jodi Lynn _eauthor. _952858 |
|
| 245 | 1 | 4 |
_aThe palace of dreams / _cJodi Lynn Anderson. |
| 250 | _aFirst Aladdin hardcover edition. | ||
| 264 | 1 |
_aNew York : _bAladdin, _c2023. |
|
| 264 | 4 | _c�2023 | |
| 300 |
_a358 pages ; _c22 cm. |
||
| 336 | _atext | ||
| 337 | _aunmediated | ||
| 338 | _avolume | ||
| 490 |
_aThirteen witches ; _vbook 3 |
||
| 520 | _aThirteen-year-old Rosie and the League of Witch Hunters, joined by a gaggle of the world's last ghosts, cross the galaxy in search of the Museum of Imagined Things, the last treasure the Nothing King wants before dragging everything into oblivion. | ||
| 521 | 1 |
_aAges 9 to 13. _bAladdin. |
|
| 650 | 0 |
_aWitches _vJuvenile fiction _95673737 |
|
| 650 | 0 |
_aApparitions _vJuvenile fiction. _95675727 |
|
| 650 | 0 |
_aMagic _vJuvenile fiction _95673690 |
|
| 650 | 0 |
_aMuseums _vJuvenile fiction. _95676077 |
|
| 650 | 1 |
_aWitches _vFiction. _95673734 |
|
| 650 | 1 |
_aGhosts _vFiction _9102562 |
|
| 650 | 1 |
_aMagic _vFiction. _95673694 |
|
| 650 | 1 |
_aMuseums _vFiction. _95686521 |
|
| 655 | 7 |
_aWitch fiction _2lcgft _96412105 |
|
| 655 | 7 |
_aFantasy fiction _2lcgft |
|
| 655 | 7 |
_aGhost stories _2lcgft |
|
| 655 | 7 |
_aNovels _2lcgft |
|
| 776 | 0 | 8 |
_iOnline version: _aAnderson, Jodi Lynn _tPalace of dreams. _bFirst Aladdin hardcover edition _dNew York : Aladdin, 2023 _z9781534416512 _w(DLC) 2022053194 |
| 942 |
_2ddc _cBOOK |
||
| 999 |
_c387699 _d387699 |
||